[Event "Tata Steel-A 73rd"]
[Site "Wijk aan Zee"]
[Date "2011.01.18"]
[Round "4"]
[White "Anand, Viswanathan"]
[Black "Wang, Hao"]
[Result "1-0"]
[WhiteElo "2810"]
[BlackElo "2731"]
[Annotator "Anand,V"]
[PlyCount "65"]
[EventDate "2011.01.14"]
[EventType "tourn"]
[EventRounds "13"]
[EventCountry "NED"]
[EventCategory "20"]
[SourceTitle "CBM 141"]
[Source "ChessBase"]
[SourceDate "2011.03.17"]
[SourceVersion "1"]
[SourceVersionDate "2011.03.17"]
[SourceQuality "1"]

1. d4 {Krasenkow} Nf6 2. c4 e6 3. Nc3 Bb4 4. f3 d5 5. a3 Bxc3+ 6. bxc3 c5 7.
cxd5 Nxd5 8. dxc5 Qa5 9. e4 {Repeating Wang Hao's game from the 3rd round vs
Kramnik. I had in mind a trap and was curious to see if I could get it in.} Ne7
10. Be3 O-O 11. Qb3 Qc7 12. Bb5 Nec6 13. Ne2 Na5 (13... e5 {(Krasenkow) looks
more accurate} 14. O-O Be6 15. Qa4 a6 (15... Na5 16. Nd4 $5 {- the same idea
that we see in the game! -} exd4 17. cxd4 Bd7 18. d5 a6 19. Bxd7 Nxd7 20. Rac1
Rac8 21. Bd2 Nc4 22. Qxc4 {1-0 Leon Varela,L (2165)-Santana Montero,P (1959)/
Telde 2009/EXT 2011}) 16. Bc4 Bxc4 17. Qxc4 Na5 18. Qa4 Nd7 19. Rfd1 Nxc5 20.
Qb4 {1-0 Hernandez Carmenates,H (2544)-Guliev,L (2454)/Santa Cruz de la Palma
2007/CBM 120 ext (46)} b6 $11) 14. Qb4 {Kramnik went 14.Qa4 the previous day.}
e5 15. O-O (15. Rd1 {Krasenkow} Na6 16. Qa4 Be6 17. Bxa6 bxa6 18. Rd5 Rab8 19.
O-O Bxd5 20. exd5 Rb5 21. d6 Qc6 22. c4 Rxc5 23. Qb4 Rxc4 24. Qxa5 Qxd6 $11 {
1/2 Monacell,J (2458)-Ingersol,H (2409)/Lechenicher SchachServer 2009/
Telechess CBM 135 (31)}) 15... Be6 $2 {...and I get lucky - 15...Na6 has also
been played here.} (15... Na6 $5 {Krasenkow} 16. Bxa6 bxa6 17. Rfd1 Be6 18. c6
Nc4 19. Bc5 Rfc8 20. Qb7 {1/2 Moskalenko,V (2575)-Delchev,A (2613)/Benidorm
2007/CBM 121 Extra (41)} g6 $11) (15... a6 $5 {Krasenkow} 16. Bd3 Nbc6 17. Qb6
Qxb6 18. cxb6 Be6) 16. Nd4 $1 $146 {The point. Krasenkow: 'Not a new idea but
a novelty in this particular position. White gets two pawns for a piece and a
strong pawn centre.'} (16. Rfd1 {Krasenkow} Bb3 17. Rd6 Nbc6 18. Bxc6 bxc6 19.
c4 Rab8 20. Qc3 Nxc4 21. Rb1 Ba2 22. Rxb8 Rxb8 23. Nc1 Nxd6 24. cxd6 Qxd6 25.
Nxa2 Qd1+ 26. Kf2 Qb3 $11 {1/2 Cebalo,M (2509)-Marinkovic,S (2388)/Budva 2009/
CBM 130 (35)}) 16... exd4 17. cxd4 Nbc6 (17... a6 18. Be2 Re8 {is the
computer's suggestion.} 19. Qc3 (19. Bf2 Nbc6 20. Qc3 Qf4 $1 {Not easy to
understand at first sight, but the queen is well placed on f6} 21. Rab1 Qf6)
19... Nd7 (19... Nbc6 20. d5 Bxd5 21. exd5 Qe5 (21... Qe7 22. Bd2 $1 Qxe2 23.
dxc6 Nxc6 24. Rfe1 Qb5 25. Rxe8+ Rxe8 26. a4 $18) 22. Qxe5 Rxe5 23. dxc6 Nxc6
24. Kf2 Rae8 25. Bxa6 bxa6 26. Rfe1 $16) 20. Rab1 b5 (20... Nf6 21. Rb6 Nc6 22.
Rfb1 Nd8 23. Bg5 $16) 21. d5 Bxd5 22. exd5 Qe5 23. Qxe5 Rxe5 24. Bd2 $1 Rxe2
25. Bxa5 Nxc5 26. Rfc1 $1 {with a huge endgame edge} Nb7 $140 27. Bb4 a5 28.
Be1 Nd6 29. Bg3 Nf5 30. Bf4 $1 Nh4 (30... Ree8 31. Bc7) 31. Kf1 $1 $16) 18. Qc3
Ne7 19. Rfd1 Rad8 $2 {A good example of the wrong rook.} (19... Rfd8 20. Bf2
Nac6 21. Rab1 (21. d5 Nxd5 22. exd5 Rxd5 23. Rxd5 Bxd5 24. Rd1 {White is
better due to the two bishops, but Black is extremely solid}) (21. Bg3 Qa5 22.
Qxa5 Nxa5 23. Rab1 Ba2 $1) 21... Qf4 (21... Rd7 22. Bh4 $1) 22. d5 $14 (22. Bg3
Qf6 23. Bd6 Nc8)) 20. Bf2 a6 (20... Nac6 21. Bg3 Qa5 22. Qxa5 Nxa5 23. Bd6 $18
{The difference - with the rook on f8, Black is lost.}) (20... f5 {(Krasenkow)
was the logical way to parry the 21.Bg3 threat but it is a weakening move, and
White obtains a clear advantage regaining the piece by means of} 21. d5) (20...
b6 {Krasenkow} 21. c6 a6 22. Bxa6 Naxc6 23. d5 Bxd5 24. exd5 Rxd5 25. Rac1 $16
{[%csl Ga6,Gf2]}) 21. Bg3 {Krasenkow: 'The threat of the invasion of this
bishop to d6 decides the game.'} Qc8 22. Bf1 b6 (22... Nac6 23. Bd6 $18) 23.
Rab1 Nb3 24. Rxb3 Bxb3 25. Qxb3 bxc5 26. d5 {The rest isn't difficult.} Ng6 27.
Qb6 f5 28. Bxa6 Qd7 29. Bb5 Qf7 30. exf5 Qxf5 31. Qxc5 Rc8 32. Qd4 Rfd8 33. a4
{A nice win before the rest day - on +2, I was feeling confident at this stage!
} 1-0

[Event "Candidates m7"]
[Site "Madras"]
[Date "1991.??.??"]
[Round "1"]
[White "Dreev, Alexey"]
[Black "Anand, Viswanathan"]
[Result "0-1"]
[WhiteElo "2625"]
[BlackElo "2635"]
[Annotator "Anand,V"]
[PlyCount "72"]
[EventDate "1991.01.??"]
[EventType "match"]
[EventRounds "6"]
[EventCountry "IND"]
[SourceTitle "Candidates"]
[Source "ChessBase"]
[SourceDate "1999.07.01"]
[SourceVersion "2"]
[SourceVersionDate "1999.07.01"]
[SourceQuality "1"]

1. d4 Nf6 2. c4 e6 3. Nc3 Bb4 4. f3 d5 5. a3 Bxc3+ 6. bxc3 c5 7. cxd5 Nxd5 8.
dxc5 Qa5 9. e4 Ne7 10. Be3 O-O 11. Qb3 Qc7 12. Nh3 e5 13. Nf2 Nec6 14. Nd3 (14.
Rb1 Na5 15. Qa4 Be6 16. Be2 (16. Rb5 $1) 16... Nd7 17. Rb5 b6 18. O-O Rfc8 19.
Rfb1 Nb7 $13) 14... Be6 $1 (14... Na5 15. Qd5 $1 $16) 15. Qb5 Nd7 16. Be2 Na5
17. O-O Rac8 18. Rfd1 Bb3 $2 (18... Bc4 $1 19. Qb4 Nb8 $10) 19. Rd2 (19. Nb4 $1
Nxc5 (19... Bxd1 20. Rxd1 Nc6 21. Nd5 Qb8 22. Rb1 $44 Qa8 $5) 20. Nd5 Bxd5 21.
Rxd5 Ncb3 22. Rb1 a6 (22... Qxc3 23. Rd3 $16 Qc2 24. Rdxb3 Nxb3 25. Rxb3 Rfd8
26. Rb2 $16 (26. Bd3 Qd1+ 27. Bf1 $13)) 23. Qb4 Qxc3 24. Bb6 $16) 19... Bc4 20.
Qb4 Nb8 $1 21. Rb1 Na6 22. Qb2 Bxd3 23. Bxd3 Nxc5 24. Bf1 b6 25. c4 Ne6 26.
Rbd1 (26. Rc1 $13) 26... Nxc4 27. Bxc4 Qxc4 28. Qxe5 Qb3 29. Rd3 Qa2 30. Qd5 $6
(30. Qa1 $10) 30... Qe2 $15 31. Qd6 $4 Rcd8 $19 32. Qxd8 Nxd8 33. Bf2 Qa2 34.
Rxd8 Qxa3 35. Bg3 h6 36. R8d7 Rc8 0-1

[Event "SRB-chT Central"]
[Site "Kraljevo"]
[Date "2014.09.14"]
[Round "2.6"]
[White "Atalik, Suat"]
[Black "Stojanovski, Dejan"]
[Result "1/2-1/2"]
[WhiteElo "2549"]
[BlackElo "2442"]
[Annotator "Atalik,S"]
[PlyCount "178"]
[EventDate "2014.09.13"]
[EventType "team-tourn"]
[EventRounds "11"]
[EventCountry "SRB"]
[SourceTitle "CBM 163"]
[Source "ChessBase"]
[SourceDate "2014.11.11"]
[SourceVersion "1"]
[SourceVersionDate "2014.11.11"]
[SourceQuality "1"]
[WhiteTeam "Kraljevo"]
[BlackTeam "Donja Studena"]
[WhiteTeamCountry "SRB"]
[BlackTeamCountry "SRB"]

1. d4 Nf6 2. c4 e6 3. Nc3 Bb4 4. f3 d5 5. a3 Bxc3+ 6. bxc3 c5 7. cxd5 Nxd5 8.
dxc5 Qa5 9. e4 Ne7 {The relatively older line.} (9... Nf6 10. Be3 O-O 11. Kf2
$5 Nfd7 12. Rb1 $5 Rd8 13. Rb5 Qxa3 14. Ne2 $44 {is very popular these days.})
10. Be3 O-O 11. Qb3 Qc7 12. a4 (12. Nh3 Nd7 13. Nf2 Nxc5 14. Qc4 b6 15. Bxc5
bxc5 16. Nd3 {is an alternative with a drawish reputation.}) 12... Nd7 13. a5
Rb8 $5 {Frankly speaking I did not even know the existence of this move.} (
13... Nc6 14. Bb5 (14. Qa3 f5 $1 15. Nh3 fxe4 (15... Nf6 16. Nf2 Qe5 17. Bd3 f4
18. Bc1 Nd7 19. Be2 $16) 16. fxe4 b6 17. Ng5 (17. axb6 Qe5 18. Nf2 Bb7 $132)
17... Nxc5 $1 18. axb6 axb6 19. Qxa8 Na5 20. Rd1 Bd7 21. Qxf8+ Kxf8 $13) 14...
Nxa5 15. Qa3 b6 16. Ne2 Ne5 17. Bd4 Rd8 18. O-O Bd7 19. Qb4 Bxb5 20. Qxb5 Nec4
21. Rfb1 bxc5 22. Qxc5 Qxc5 23. Bxc5 $14) 14. Ne2 $5 $146 {I have exaggerated
the impact of f5 if my queen leaves the a2-g8 diagonal.} (14. Qa3 $1 f5 $1 15.
Nh3 fxe4 16. fxe4 Ng6 17. Nf2 Nde5 18. Be2 Nf4 19. Bxf4 Rxf4 20. O-O Bd7 21.
Qb4 $16) (14. Bb5 Nxc5 15. Qb4 b6 $11) 14... Nxc5 15. Qc4 b6 16. axb6 {I
thought that I would anyway be compelled to exchange on b6.} (16. Nd4 Bd7)
16... axb6 17. Nd4 Nc6 (17... Bd7 18. Be2 $14) 18. Nxc6 Qxc6 19. Be2 Ra8 $5 (
19... e5 20. Kf2 Be6 21. Qb5 $14) 20. Rxa8 $5 {A peculiar decision to exchange
everything and squeeze him around the weak c5-pawn.} (20. O-O Bd7 $14 (20...
Ba6 $4 21. Rxa6 $18)) 20... Qxa8 21. Bxc5 bxc5 22. Kf2 (22. Qxc5 $6 Qa1+ 23.
Bd1 Ba6 $1 $44) 22... Qa7 23. Rb1 Qc7 24. g3 Bd7 25. Qa6 $1 Qe5 $2 (25... Rb8
26. Qa5 Rc8 27. Qxc7 Rxc7 28. Rb8+ Rc8 29. Rb7 Bc6 30. Ra7 $14) 26. Rd1 $1 {
Not so surprisingly this wins a pawn.} Qc7 (26... Bc8 27. Qb6 Qxc3 $140 $2 28.
Rd8 g6 29. Rxf8+ Kxf8 30. Qd8+ Kg7 31. Qxc8 Qd4+ 32. Kg2 Qd2 33. Qa6 $18) 27.
Qd6 Qxd6 28. Rxd6 Ba4 29. Ra6 Bd7 (29... Bb3 $5 30. c4 (30. Rc6 c4 31. h4 $1 (
31. Bxc4 Bxc4 32. Rxc4 g5 $1) 31... h5 (31... Ra8 32. Bxc4 Bxc4 33. Rxc4 e5 34.
g4 $14) 32. Bxc4 Bxc4 33. Rxc4 Ra8 34. Rc5 Ra2+ 35. Ke3 g6 36. e5 {has some
resemblance to my ending with Pantsulaia albeit I had the b-passer there.})
30... Rc8 31. Ke3 Kf8 32. Ra3 Rb8 33. Ra5 Rc8 34. Kd2 Rd8+ 35. Kc1 $16) 30. Ra7
Rd8 31. Rc7 Kf8 32. Rxc5 Ke7 33. e5 f6 34. Ke3 fxe5 35. Rxe5 Rc8 36. c4 Kd6 37.
Rg5 $5 (37. Ra5 Rb8 38. Bd3 $18) 37... g6 38. f4 Ra8 39. h4 Ra3+ 40. Bd3 Be8
41. Kd4 Ra1 42. Re5 Rg1 43. c5+ Ke7 44. Re3 (44. Bc4 $5 Rxg3 (44... Rd1+ 45.
Kc3 Rc1+ 46. Kb4) (44... Bd7 45. c6 Bc8 (45... Bxc6 46. Rxe6+ Kd7 47. Kc5 Bf3
48. Re3 $18) 46. Ra5) 45. Rxe6+ $18) 44... Kf6 (44... Rc1 45. Be4 $18) 45. Be4
$5 {I preferred this} ({to} 45. Bc4 Rd1+ 46. Kc3 Rc1+ 47. Kb4 Bd7 48. c6 Bc8
49. Bb5 Ke7 50. Ka5 $18) 45... Rc1 46. g4 $5 {I aimed to strenghten my
position to the utmost.} (46. Rc3 Rxc3 47. Kxc3 e5 48. c6 exf4 49. c7 Bd7 50.
gxf4 Ke7 51. Bb7 Kf6 52. c8=Q Bxc8 53. Bxc8 {would have finished the game.})
46... Rd1+ 47. Rd3 Rf1 48. g5+ $1 (48. c6 Bxc6 $3 (48... Ke7 49. Kc5 Rxf4 50.
c7 Bd7 51. Bc6 Bc8 52. Rd8 $18) 49. g5+ Ke7 50. Bxc6 Rxf4+ 51. Ke5 Rxh4 52.
Rd7+ Kf8 $11 {is what I wanted to side step.}) 48... Ke7 49. Bf3 Rb1 50. Ra3
Rb4+ 51. Ke5 Ba4 {This is one of the most critical positions in this game.} 52.
Be4 $2 {I was mesmerised by the rook ending.} (52. Be2 $18 {would just have
finished the game off.}) ({The move I have focused on should have the same
consequence.} 52. Rc3 Rb1 53. Ra3 Re1+ 54. Kd4 $18) 52... Rc4 53. c6 $2 ({
There was a hidden trick in the position with} 53. Ra1 $3 Kf7 (53... Rxc5+ 54.
Kd4 Ra5 55. Bc6 $18) 54. h5 gxh5 55. f5 $18) 53... Bxc6 54. Bxc6 Rc5+ $1 {
Of course I had seen this intermezzo but I did not figure out the difficulty
in the forthcoming rook ending.} 55. Kd4 Rxc6 56. Ra7+ Kd6 $1 {Black should
not allow White's king to approach.} 57. Rxh7 Rc1 58. Rh6 Rh1 59. Ke3 $4 {
Possibly the only drawing variation in the position.} (59. Rxg6 Rxh4 60. Ke4
Rg4 61. Rf6 $3 (61. Rh6 Rg1 62. f5 Re1+ 63. Kd4 Re5 $11) 61... Rh4 (61... Rg1
62. f5 Rxg5 (62... Re1+ 63. Kf4 $1 Rf1+ 64. Kg4 $18) 63. Rxe6+ Kd7 64. Ke5 $18)
62. Kf3 Rh1 63. Kg2 Re1 (63... Ra1 64. f5 Re1 65. g6 $18) 64. g6 $18) (59. Ke4
Rh3 $1 {The reason why I chose 59.Ke3 but completely wrong.} (59... Ke7 60.
Rxg6 Rxh4 61. Ke5 $18) (59... Rh2 60. Kf3) 60. Rxg6 Rxh4 61. Kf3 (61. Rf6 Rg4
62. g6 $18) 61... Rh1 (61... Ke7 62. Rh6) 62. Kg2 $18) 59... Ke7 $1 {A total
surprise especially} ({since I had only calculated} 59... Rh3+ $2 60. Ke4 $18)
60. Rxg6 Rxh4 61. Rh6 Rg4 62. Rh7+ Kd6 63. Kf3 Rg1 64. Rg7 (64. Rh4 Ke7 (64...
e5 $2 65. Kf2 $18) 65. Rg4 Rf1+ 66. Kg2 Ra1 67. Rh4 Kf7 $11) 64... e5 $1 $11
65. Rg6+ Kd5 66. f5 Rf1+ 67. Kg4 Rf4+ $4 {Since White's king could only use
the h-file} ({the counter-attack with} 67... Rg1+ $1 68. Kh3 (68. Kh4 Ke4 69.
f6 $4 Kf3 $19) 68... Ke4 $1 69. f6 Kf3 70. Kh2 Rg2+ 71. Kh3 (71. Kh1 $4 Kg3)
71... Rg1 $11 {works!}) 68. Kh5 e4 (68... Rxf5 69. Rf6 $18) 69. f6 e3 70. Rg7
$5 (70. Rg8 e2) 70... e2 71. Rd7+ Kc4 72. Re7 Kd3 73. Kg6 (73. Rxe2 $2 Kxe2 74.
Kg6 (74. g6 Rf5+ $11 (74... Rxf6 75. g7 Rf5+ (75... Rf1 $11) 76. Kh4 Rf4+ 77.
Kh3 Rf3+ 78. Kg2 Rf2+ $11)) 74... Kf3 75. Kf7 Kg4 76. g6 Kg5 77. g7 Rxf6+ 78.
Ke7 Rg6 $11) 73... Re4 74. Rxe4 Kxe4 75. f7 e1=Q 76. f8=Q Qa5 77. Kh6 $2 ({
The only winning move is} 77. Qf2 $1 Qc7 (77... Qa6+ 78. Kh5) 78. Qe2+ Kd4 79.
Qf3 Qb8 80. Kh5 Qh8+ 81. Kg4 $18) (77. Qf6 $2 Qc7 $11) 77... Qd2 $1 $11 78.
Qe7+ (78. Qf6 Qh2+ 79. Kg7 Qc7+ $11) 78... Kf5 79. Qc5+ Ke6 $2 {He should have
kept his king behind the g -pawn on g4 or h4 to make a draw.} (79... Kg4 80.
Qe5 Qc1 $11) 80. Qc6+ (80. Qc8+ Ke7 81. Qf5 $18) 80... Kf7 81. Qg6+ Kf8 82.
Qg7+ Ke8 83. Kh7 $6 $138 {Exactly the same mistake I committed at the end of
my game with Korchnoi in the European National Teams Championship, Plovdiv
2003.} (83. Qf6 Qh2+ 84. Kg7 Qc7+ 85. Kg8 Qc4+ 86. Kh8 Qh4+ 87. Kg7 $18) 83...
Qh2+ 84. Qh6 Qc7+ 85. Qg7 $2 {A bad loss of time!} (85. Kg8 Qc4+ 86. Kh8 Qc3+
87. Qg7 Qh3+ 88. Kg8 Qb3+ 89. Kh7 Qh3+ 90. Qh6 Qd7+ 91. Kh8 Qd4+ 92. Qg7 Qh4+
93. Kg8 Qc4+ 94. Kh7 Qh4+ 95. Qh6 $18 {proves that this ending is always won
since the white pieces swing back and forth: Kh8, Q check on a1-h8 diagonal,
Qg7, Qcheck on the h-line, Qh6, Qcheck on 7th rank, Qg7 eventually pushes
Black's queen to final check which loses on h4.}) 85... Qh2+ 86. Kg8 Qa2+ 87.
Kh8 Qh2+ 88. Qh6 Qxh6+ 89. gxh6 Kf7 1/2-1/2

[Event "Danzhou 2nd"]
[Site "Danzhou"]
[Date "2011.05.18"]
[Round "4"]
[White "Ding, Liren"]
[Black "Zhou, Weiqi"]
[Result "0-1"]
[WhiteElo "2664"]
[BlackElo "2610"]
[Annotator "CB"]
[PlyCount "58"]
[EventDate "2011.05.15"]
[EventType "tourn"]
[EventRounds "9"]
[EventCountry "CHN"]
[EventCategory "17"]
[SourceTitle "CBM 143"]
[Source "ChessBase"]
[SourceDate "2011.07.15"]
[SourceVersion "1"]
[SourceVersionDate "2011.07.15"]
[SourceQuality "1"]

1. d4 e6 2. c4 Nf6 3. Nc3 Bb4 4. f3 d5 5. a3 Bxc3+ 6. bxc3 c5 7. cxd5 Nxd5 8.
dxc5 f5 9. e4 fxe4 10. Qc2 Nd7 11. fxe4 N5f6 12. c6 bxc6 13. Nf3 Qa5 14. Bd2
O-O 15. c4 Qc7 16. c5 Ng4 17. Rc1 Nde5 18. Be2 {[#]} Ba6 $3 {A fantastic
sacrifice by Zhou Weiqi!} 19. Qb3 ({The first question to answer is what
happens if White takes the bait?} 19. Bxa6 $2 Rxf3 $1 {The rook is untouchable
and the exposed king is fatal.} 20. gxf3 Nxf3+ 21. Kd1 (21. Ke2 Nd4+) (21. Kf1
Rf8 $1) 21... Rd8) 19... Bxe2 20. Kxe2 Qc8 {Protecting e6 and eyeing a6} 21.
Rc3 Rb8 22. Qa4 Rb2 23. Qxa7 Rf7 24. Qa4 Qb8 25. h3 Ra7 26. Qd1 Nf6 27. Rc2
Qb5+ 28. Kf2 Nxe4+ 29. Kg1 Nxf3+ (29... Nxf3+ 30. gxf3 Qd3 $1 31. Rxb2 Qd4+ {
and White must give up the queen to avoid Qf2 mate.}) 0-1

[Event "Interzonal-15"]
[Site "Manila"]
[Date "1990.??.??"]
[Round "13"]
[White "Marin, Mihail"]
[Black "Lautier, Joel"]
[Result "1/2-1/2"]
[WhiteElo "2485"]
[BlackElo "2570"]
[Annotator "ChessBase"]
[PlyCount "91"]
[EventDate "1990.06.29"]
[EventType "swiss"]
[EventRounds "13"]
[EventCountry "PHI"]
[SourceTitle "CBM 019"]
[Source "ChessBase"]
[SourceDate "1990.12.01"]
[SourceVersion "1"]
[SourceVersionDate "1990.12.01"]
[SourceQuality "1"]

1. d4 Nf6 2. c4 e6 3. Nc3 Bb4 4. f3 d5 5. a3 Bxc3+ 6. bxc3 c5 7. cxd5 Nxd5 8.
dxc5 Qa5 9. e4 Ne7 10. Be3 O-O 11. Qb3 Qc7 12. Nh3 e5 13. Nf2 Nec6 14. Rb1 Na5
15. Qa4 Be6 16. Be2 Nd7 17. Rb5 b6 18. O-O Rfc8 19. Rfb1 (19. Rd1 Nb7 20. cxb6
axb6 21. Qb4 $10 {Marin,M}) 19... Nb7 (19... a6 $5 {/\} 20. Rxb6 Nxb6 21. cxb6
Qxc3) 20. Nd3 Qc6 21. Qc2 Nbxc5 22. Nxc5 Nxc5 23. Bxc5 a6 24. Rxb6 Qxc5+ 25.
Kf1 Qxa3 26. Qc1 Qxc1+ 27. Rxc1 a5 28. c4 a4 29. Rb2 a3 30. Ra2 Rc5 31. Rc3
Rca5 32. Ke1 Kf8 33. Kd2 Ke7 34. Rb3 Kd6 35. Kc3 g5 36. g4 R5a7 37. Rb6+ Kc7
38. Rb5 f6 39. Bd1 Kc6 40. Bc2 Rd7 41. Rb4 Rda7 42. Bb3 Ra6 43. Rb5 Rd8 44. Rb4
Rda8 45. Rb5 R6a7 46. Kb4 1/2-1/2

[Event "Interzonal-15"]
[Site "Manila"]
[Date "1990.??.??"]
[Round "4"]
[White "Lin, Ta"]
[Black "Petursson, Margeir"]
[Result "0-1"]
[WhiteElo "2435"]
[BlackElo "2550"]
[Annotator "ChessBase"]
[PlyCount "110"]
[EventDate "1990.06.29"]
[EventType "swiss"]
[EventRounds "13"]
[EventCountry "PHI"]
[SourceTitle "CBM 019"]
[Source "ChessBase"]
[SourceDate "1990.12.01"]
[SourceVersion "1"]
[SourceVersionDate "1990.12.01"]
[SourceQuality "1"]

1. d4 Nf6 2. c4 e6 3. Nc3 Bb4 4. f3 d5 5. a3 Bxc3+ 6. bxc3 c5 7. cxd5 Nxd5 8.
dxc5 Qa5 9. e4 Ne7 10. Be3 O-O 11. Qb3 Qc7 12. Rd1 Nd7 13. Bb5 (13. Qc4 $5 Ne5
14. Qd4 N7c6 15. Qa4 Bd7 16. Nh3 $13 {Lin,Ta}) 13... Nxc5 14. Qc4 b6 15. Bxc5 (
15. Ne2 a6 $1 (15... e5 16. Bxc5 Be6 17. Bd6 $1) 16. Ba4 e5 {/\ Be6-/+}) 15...
bxc5 16. Ne2 Ng6 17. O-O Ne5 18. Qa2 Rb8 19. c4 Bb7 20. Qc2 Rfd8 21. Qc3 h6 22.
Ng3 Ng6 23. Ne2 Ne5 24. Nf4 a6 25. Ba4 Bc6 26. Bc2 Be8 27. Nh5 f6 28. Nf4 Bf7
29. Ba4 Rxd1 30. Rxd1 Rd8 31. Rxd8+ Qxd8 32. Kf2 Qb8 33. Nd3 Nxd3+ 34. Qxd3 g5
35. Bc6 Qc7 36. Ba4 Kg7 37. h3 h5 38. g3 Qb6 39. Qb3 Qc7 40. Qd3 Qb6 41. Qd2 e5
42. h4 gxh4 43. gxh4 Qe6 44. Qd5 Qh3 45. Qxc5 Qxh4+ 46. Ke2 Qh2+ 47. Kf1 Qa2
48. Bc6 Qxc4+ 49. Qxc4 Bxc4+ 50. Kg2 Kh6 51. Kg3 Kg5 52. Bd7 h4+ 53. Kf2 Kf4
54. Bc8 a5 55. Bd7 Bb3 0-1

[Event "Interzonal-15"]
[Site "Manila"]
[Date "1990.??.??"]
[Round "8"]
[White "Lin, Ta"]
[Black "Smyslov, Vassily V"]
[Result "1/2-1/2"]
[WhiteElo "2435"]
[BlackElo "2570"]
[Annotator "ChessBase"]
[PlyCount "48"]
[EventDate "1990.06.29"]
[EventType "swiss"]
[EventRounds "13"]
[EventCountry "PHI"]
[SourceTitle "CBM 019"]
[Source "ChessBase"]
[SourceDate "1990.12.01"]
[SourceVersion "1"]
[SourceVersionDate "1990.12.01"]
[SourceQuality "1"]

1. d4 Nf6 2. c4 e6 3. Nc3 Bb4 4. f3 d5 5. a3 Bxc3+ 6. bxc3 c5 7. cxd5 Nxd5 8.
dxc5 Qa5 9. e4 Ne7 10. Be3 O-O 11. Qb3 Qc7 12. Bb5 Nec6 13. f4 Na5 (13... e5
14. f5 $16) 14. Qb4 Na6 15. Bxa6 bxa6 16. Rd1 e5 17. Nf3 (17. fxe5 Be6) (17.
Ne2 Bg4) (17. f5 Rb8 $36 {Lin,Ta}) 17... Rb8 18. Qa4 exf4 19. Bf2 Be6 20. O-O
Rfc8 21. Rd5 (21. Rd6 Nb7 $1) 21... Nb7 22. Re5 Qa5 23. Qb4 Qc7 24. Qa4 Qa5
1/2-1/2

[Event "Frunze"]
[Site "Frunze"]
[Date "1989.??.??"]
[Round "?"]
[White "Yurtaev, Leonid"]
[Black "Makarichev, Sergey"]
[Result "1-0"]
[WhiteElo "2505"]
[BlackElo "2510"]
[Annotator "ChessBase"]
[PlyCount "51"]
[EventDate "1989.08.??"]
[EventType "tourn"]
[EventRounds "11"]
[EventCountry "URS"]
[EventCategory "8"]
[SourceTitle "CBM 015"]
[Source "ChessBase"]
[SourceDate "1990.04.01"]
[SourceVersion "1"]
[SourceVersionDate "1990.04.01"]
[SourceQuality "1"]

1. d4 Nf6 2. c4 e6 3. Nc3 Bb4 4. a3 Bxc3+ 5. bxc3 c5 6. f3 d5 7. cxd5 Nxd5 8.
dxc5 Qa5 9. e4 Nc7 (9... Qxc3+ 10. Bd2 Qe5 11. Ne2 Ne7 {11...Nf6} 12. Bc3 Qxc5
13. Bxg7 Rg8 14. Bd4 {Kortschnoj,V-Bikov/URS/1957/}) 10. Be3 O-O 11. Qb3 Nca6
12. Rd1 $5 Nd7 $6 (12... Nxc5 13. Qb4 $14) (12... Nc6 $1 13. Bxa6 Qxa6 14. Ne2
Ne5) 13. Bxa6 Qxa6 $2 (13... bxa6 14. Qb4 $14) 14. Rd6 b6 15. Bd4 $1 (15. Ne2
Ne5 $1) 15... Qd3 $6 (15... Qa5 16. Qb4 $1) (15... Re8 $1) 16. Ne2 bxc5 17. Nf4
$1 (17. Be5 c4 $1) 17... Rb8 18. Qxb8 Qc2 19. Qc7 Qc1+ 20. Kf2 Qxh1 21. Rxd7
Bxd7 22. Bxc5 Bb5 23. Bxf8 Qf1+ 24. Kg3 g5 (24... Kxf8 25. Qd6+ Ke8 26. Nh5
Qe1+ 27. Kh3 Qxc3 28. Qb8+ {/\ 29.Qxb5}) 25. Nh3 Kxf8 26. Nxg5 1-0

[Event "Interzonal-15"]
[Site "Manila"]
[Date "1990.??.??"]
[Round "6"]
[White "Arencibia Rodriguez, Walter"]
[Black "Lobron, Eric"]
[Result "1-0"]
[WhiteElo "2555"]
[BlackElo "2535"]
[Annotator "Ftacnik,L"]
[PlyCount "59"]
[EventDate "1990.06.29"]
[EventType "swiss"]
[EventRounds "13"]
[EventCountry "PHI"]
[SourceTitle "CBM 019"]
[Source "ChessBase"]
[SourceDate "1990.12.01"]
[SourceVersion "1"]
[SourceVersionDate "1990.12.01"]
[SourceQuality "1"]

1. d4 Nf6 2. c4 e6 3. Nc3 Bb4 4. f3 d5 5. a3 Bxc3+ 6. bxc3 c5 7. cxd5 Nxd5 8.
dxc5 Qa5 9. e4 Ne7 10. Be3 O-O 11. Qb3 Qc7 12. Nh3 {N} e5 (12... Nd7 $5 13. Nf2
Nxc5 14. Qc4 b6 15. Bxc5 Qxc5 16. Qxc5 bxc5 17. Nd3 (17. Rb1 $5) 17... Ba6 18.
Nxc5 Bxf1 19. Rxf1 Rfc8 $10) 13. Nf2 Nec6 14. Rb1 Na5 15. Qa4 Be6 (15... Bd7
16. Bb5 Be6 17. O-O a6 18. Be2 Nd7 19. Qb4 Rac8 20. c6 $1 bxc6 21. Bxa6 $16 {
Arencibia,W-Franco/La Habana/1990/}) 16. Be2 Nd7 17. Rb5 b6 18. O-O Rfb8 (18...
Rfc8 $5 19. Rfb1 (19. Rd1 a6 20. Rxb6 Nxb6 21. cxb6 Qxc3) 19... Nb7 $13 {
Marin,M-Lautier,J/Manila izt/1990/  ->CBM 19}) (18... a6 19. Rxb6 Nxb6 20. cxb6
Qxc3 21. Nd1 $18) 19. Rfb1 h6 20. g3 bxc5 $2 (20... Nb7 $1 21. Nd3 bxc5 22. f4
Nb6 23. Qc2 Bd7 24. Nxe5 Bxb5 25. Rxb5 $44) 21. Rxb8+ Rxb8 22. Rxb8+ Nxb8 23.
Qe8+ Kh7 24. f4 Nc4 (24... Bc4 25. Bg4 Qb6 26. h4 $16) 25. f5 $1 Nxe3 $2 (25...
Nd6 26. Qf8 Nd7 27. Qe7 Nc8 28. Qh4 Bb3 29. Ng4 Qc6 30. f6 Nxf6 31. Nxf6+ Qxf6
32. Qxf6 gxf6 33. Bxc5 $16) 26. fxe6 Qb6 (26... fxe6 27. Bh5 g5 28. Qg6+ Kh8
29. Qxh6+ Qh7 30. Qf8+ Qg8 31. Qf6+ Qg7 32. Qd8+ Qg8 33. Qd3 $18) 27. exf7 Qb1+
28. Bd1 Nxd1 29. Qg8+ Kg6 30. f8=N+ {Ftacnik,L} 1-0